Введение в теорию выпуклых многогранников: пер. с англ.

מידע ביבליוגרפי
מחבר ראשי: Бренстед А. Арне
שפה:רוסית
יצא לאור: Москва, Мир, 1988
נושאים:
פורמט: ספר
KOHA link:https://koha.lib.tpu.ru/cgi-bin/koha/opac-detail.pl?biblionumber=250939

MARC

LEADER 00000nam0a2200000 4500
001 250939
005 20231101232617.0
010 |a 5030011153 
020 |a RU  |b 88-60789 
035 |a (RuTPU)RU\TPU\book\273179 
090 |a 250939 
100 |a 20140218d1988 k y0rusy5003 ca 
101 1 |a rus  |c eng 
102 |a RU 
105 |a a z 001zy 
200 1 |a Введение в теорию выпуклых многогранников  |e пер. с англ. 
210 |a Москва  |c Мир  |d 1988 
215 |a 240 с.  |c схем. 
320 |a Библиогр.: с. 226-228 (30 назв.) 
320 |a Указ. имен. и предм.: с. 232-238 
606 1 |a Выпуклые фигуры  |2 stltpush  |3 (RuTPU)RU\TPU\subj\3943  |9 32277 
610 1 |a выпуклые многогранники 
610 1 |a комбинаторика 
610 1 |a геометрия 
610 1 |a грани 
610 1 |a число 
610 1 |a упражнения 
610 1 |a задачи 
675 |a 514.17  |z rus  |v 3 
700 1 |a Бренстед  |b А.  |g Арне  |4 070 
801 0 |a RU  |b RuMRKP  |c 19950417  |g psbo 
801 1 |a RU  |b 63413507  |c 20140218 
801 2 |a RU  |b 63413507  |c 20160627  |g RCR 
942 |c BK